01670nam a2200337 i 4500003000900000005001700009007000300026008003300029020001800062040003000080082000700110100004900117245016100166264003500327300002800362336002700390337003300417338002800450500006200478504002800540590002600568700003700594910001500631942001400646952012700660952013200787952013200919952013201051952013201183999001701315DO-SdBNP20250321073607.0ta210907b 2014 dr 00| 0 eng d a9789993449928 aDO-SdBNPbspacBNPHUerda 42221 aPeralta Romero, Rafael,d1948-eautor9797741 aReformas a la constitución política dominicana 1994-2002-2010 /cRafael Peralta Romero, Antoliano Peralta Romero ; prólogo, Ramonina Brea del Castillo aSanto Domingo :bGente,c2014. a447 páginas ;c23 cm. 2rdacontentatextobtxt 2rdamediaasin mediaciónbn 2rdacarrieravolumenbnc aIncluye datos biográficos de los autores en las solapas aBibliografía : p. 437 aInventariado, 2021/BT1 aBrea, Ramonina,eprólogo98319 aBtavárez 2ddccLBS1 00102ddc51708PDaBNPHUbBNPHUcHDd2021-09-07eDepósito Legall0oBNPHU PDp2021-26160r2021-09-07w2021-09-07yLBS1 00102ddc51708PDaBNPHUbBNPHUcHDd2021-09-07eDepósito Legall0oBNPHU PDp2021-26161r2021-09-07te.2w2021-09-07yLBS1 00102ddc56708DSaBNPHUbBNPHUcHDd2021-09-07eDepósito Legall0oBNPHU DSp2021-26162r2021-09-07te.3w2021-09-07yLBS1 00102ddc56708DSaBNPHUbBNPHUcHDd2021-09-07eDepósito Legall0oBNPHU DSp2021-26163r2021-09-07te.4w2021-09-07yLBS1 00102ddc56708DSaBNPHUbBNPHUcHDd2021-09-07eDepósito Legall0oBNPHU DSp2021-26167r2021-09-07te.5w2021-09-07yLBS1 c50431d50431